000 01058cam a2200289 a 4500
001 3919
003 BD-RjUL
005 20211208233812.0
008 001130s2001 ii ab b 001 0 eng
020 _a0761994750 (cloth)
020 _a0761994769 (pbk.)
035 _a(BD-RjUL)3953
040 _aDLC
_cDLC
_dDLC
_dBD-RjUL
_beng
041 _aeng
082 0 0 _a338.90091724
_221
_bMEC 2004
100 1 _aMelkote, Srinivas R.,
_d1952-
_912495
245 1 0 _aCommunication for development in the Third World :
_btheory and practice for empowerment /
_cSrinivas R. Melkote, H. Leslie Steeves.
250 _a2nd ed.
260 _aNew Delhi :
_aThousand Oaks, CA :
_bSage Publications,
_cc2001 [Reprint 2004].
300 _a422 p. :
_bill. ;
_c23 cm.
504 _aIncludes bibliographical references (p. [379]-408) and index.
650 0 _aCommunication in economic development
_zDeveloping countries.
_912496
651 0 _aDeveloping countries
_xEconomic policy.
_912497
700 1 _aSteeves, H. Leslie.
_912498
942 _2ddc
_cBK
999 _c3919
_d3919